00535nam a2200181 a 450000100060000000300090000600800410001502000150005604000280007108200160009910000260011524500150014125000060015626000320016230000090019450501350020365000150033822122CO-ViMGA141112s2004 ck r 000 u spa d a9701501993 aCO-ViMGAbspacCO-ViMGA04a526.9 M657t1 aMontes de Oca, Miguel10aTopografia a4 aMexico : bEdiciones morata a344p aPlanimetria 4 - - Altimetriao Control Vertical 79 - - Planimetria y Alimetria Simultaneas 122 - - Orientaciones Astronomicas 225 14aTOPOGRAFIA